Central Library OPAC University of Rajshahi

Education is progress : (Record no. 60995)

MARC details
000 -LEADER
fixed length control field 00753nam a2200217 a 4500
001 - CONTROL NUMBER
control field 60995
003 - CONTROL NUMBER IDENTIFIER
rucl marc code BD-RjUL
005 - DATE AND TIME OF LATEST TRANSACTION
control field 20211209080917.0
008 - FIXED-LENGTH DATA ELEMENTS--GENERAL INFORMATION
fixed length control field 710507s1969 pk b 100 0 eng
035 ## - SYSTEM CONTROL NUMBER
System control number (BD-RjUL)61119
040 ## - CATALOGING SOURCE
Original cataloging agency DLC
Transcribing agency DLC
Modifying agency DLC
-- BD-RjUL
Language of cataloging eng
041 ## - LANGUAGE CODE
Language code of text/sound track or separate title eng
082 ## - DEWEY DECIMAL CLASSIFICATION NUMBER
Edition number 23
Classification number 370.95491
Author mark and year EDU 1968
245 00 - TITLE STATEMENT
Title Education is progress :
Remainder of title proceedings of the symposia, East Pakistan Education Week, 1968 /
Statement of responsibility, etc. Edited by Abdullah al-Muti Sharafuddin.
260 ## - PUBLICATION, DISTRIBUTION, ETC. (IMPRINT)
Place of publication, distribution, etc. Dacca :
Name of publisher, distributor, etc. Education Extension Centre,
Date of publication, distribution, etc. 1968
300 ## - PHYSICAL DESCRIPTION
Pagination 163 p. ;
Size 26 cm.
504 ## - BIBLIOGRAPHY, ETC. NOTE
Bibliography, etc Includes bibliographical references.
650 #0 - SUBJECT ADDED ENTRY--TOPICAL TERM
Topical term or geographic name as entry element Education
Geographic subdivision Pakistan
General subdivision Congresses.
9 (RLIN) 181907
700 2# - ADDED ENTRY--PERSONAL NAME
Personal name Al-Muti Sharafuddin, Abadullaha,
Dates associated with a name 1930-
Relator term ed.
942 ## - ADDED ENTRY ELEMENTS (KOHA)
Source of classification or shelving scheme Dewey Decimal Classification
Koha item type Books
Holdings
Lost status Source of classification or shelving scheme Damaged status Not for loan Collection code Permanent Location Current Location Shelving location Date acquired Source of acquisition Total Checkouts Full call number Date last seen Copy number Koha item type
  Dewey Decimal Classification   Not For Loan Non-fiction Central Library, University of Rajshahi Central Library, University of Rajshahi Reading Room 22/10/1990 Showkot Osman, Dhaka   370.95491 EDU 1968 05/01/2017 C-1 Books